[Event "Medellin Easter op 11th"]
[Site "Medellin"]
[Date "2023.04.05"]
[Round "1"]
[White "Ramirez, Benjamin Dario"]
[Black "Giraldo Alvarez, Tomas"]
[Result "1-0"]
[WhiteElo "2168"]
[BlackElo "1396"]
[PlyCount "23"]
[EventDate "2023.04.05"]
[EventType "swiss"]
[EventRounds "7"]
[EventCountry "COL"]
[SourceTitle "CBM 213 Extra"]
[Source "ChessBase"]
[SourceDate "2023.05.31"]
[SourceVersion "1"]
[SourceVersionDate "2023.05.31"]
[SourceQuality "1"]

1. e4 e6 2. d4 d5 3. Nc3 Nf6 4. Bg5 dxe4 5. Nxe4 Nbd7 6. Nf3 h6 7. Bxf6 Nxf6 8. Bd3 Be7 9. 0-0 0-0 10. Qe2 b6 11. Nxf6+ Bxf6 12. Qe4 1-0

[Event "Medellin Raza Cup"]
[Site "Medellin"]
[Date "2022.10.21"]
[Round "5"]
[White "Ramirez, Benjamin Dario"]
[Black "Arenas Vanegas, David"]
[Result "0-1"]
[WhiteElo "2173"]
[BlackElo "2426"]
[PlyCount "66"]
[EventDate "2022.10.19"]
[EventType "swiss"]
[EventRounds "10"]
[EventCountry "COL"]
[SourceTitle "EXT 2024"]
[Source "ChessBase"]
[SourceDate "2023.10.10"]
[SourceVersion "1"]
[SourceVersionDate "2023.10.10"]
[SourceQuality "1"]

1. e4 c5 2. Nf3 Nc6 3. d4 cxd4 4. Nxd4 g6 5. Nc3 Bg7 6. Be3 Nf6 7. Be2 0-0 8. Qd2 d5 9. exd5 Nxd5 10. Nxd5 Nxd4 11. Bxd4 Qxd5 12. Bxg7 Qxg2 13. Bxf8 Qxh1+ 14. Bf1 Qe4+ 15. Be2 Kxf8 16. 0-0-0 Be6 17. Bd3 Qe5 18. f4 Qc5 19. Be4 Rb8 20. h4 Qc4 21. Bd3 Qxa2 22. Qc3 Kg8 23. f5 Rc8 24. Qe5 Bc4 25. fxg6 hxg6 26. Be4 Qa1+ 27. Kd2 Rd8+ 28. Bd3 Qa4 29. Qxe7 Re8 30. Qg5 Bxd3 31. cxd3 Qb4+ 32. Kc1 Re2 33. Qf6 Qa4 0-1

[Event "Medellin Raza Cup"]
[Site "Medellin"]
[Date "2022.10.20"]
[Round "4"]
[White "Perez, William"]
[Black "Ramirez, Benjamin Dario"]
[Result "0-1"]
[WhiteElo "1944"]
[BlackElo "2173"]
[PlyCount "70"]
[EventDate "2022.10.19"]
[EventType "swiss"]
[EventRounds "10"]
[EventCountry "COL"]
[SourceTitle "EXT 2024"]
[Source "ChessBase"]
[SourceDate "2023.10.10"]
[SourceVersion "1"]
[SourceVersionDate "2023.10.10"]
[SourceQuality "1"]

1. c4 c5 2. g3 g6 3. Bg2 Bg7 4. Nc3 Nc6 5. Nf3 Nf6 6. d4 cxd4 7. Nxd4 0-0 8. 0-0 Qa5 9. Be3 Ng4 10. Nxc6 dxc6 11. Bd2 Qh5 12. h4 Be6 13. Qb3 Rad8 14. Ne4 b5 15. Bb4 Bxc4 16. Qa3 Rfe8 17. Bf3 Bd5 18. Rad1 Bxe4 19. Bxe4 Rxd1 20. Rxd1 Ne5 21. Kf1 Qg4 22. Bg2 Qf5 23. b3 Ng4 24. Bc5 a5 25. Bb6 Bh6 26. Qc5 Ne3+ 27. Qxe3 Bxe3 28. Bxe3 Qc2 29. Rc1 Rd8 30. Ke1 Qxa2 31. Bxc6 Qxb3 32. Bh6 a4 33. e4 a3 34. Bd5 Qb2 35. Rd1 a2 0-1

[Event "Medellin Raza Cup"]
[Site "Medellin"]
[Date "2022.10.20"]
[Round "3"]
[White "Ramirez, Benjamin Dario"]
[Black "Castaneda, Juan Esteban"]
[Result "1/2-1/2"]
[WhiteElo "2173"]
[BlackElo "1814"]
[PlyCount "171"]
[EventDate "2022.10.19"]
[EventType "swiss"]
[EventRounds "10"]
[EventCountry "COL"]
[SourceTitle "EXT 2024"]
[Source "ChessBase"]
[SourceDate "2023.10.10"]
[SourceVersion "1"]
[SourceVersionDate "2023.10.10"]
[SourceQuality "1"]

1. e4 c5 2. Nf3 d6 3. d4 cxd4 4. Nxd4 Nf6 5. Nc3 a6 6. Be2 e5 7. Nb3 Be6 8. 0-0 Qc7 9. f4 Nbd7 10. Be3 Be7 11. Kh1 b5 12. f5 Bc4 13. Bd3 b4 14. Ne2 d5 15. exd5 Bxd5 16. Ng3 h5 17. Be4 Bxe4 18. Nxe4 Nxe4 19. Qd5 Rd8 20. Qxe4 Nf6 21. Qf3 0-0 22. Rac1 Ng4 23. Qe4 Nf6 24. Qf3 e4 25. Qe2 Bd6 26. h3 Be5 27. Bc5 Rfe8 28. Bxb4 Bxb2 29. Rcd1 Bc3 30. Bc5 Rxd1 31. Rxd1 e3 32. Rd3 Ne4 33. Qxe3 Nf2+ 34. Qxf2 Re1+ 35. Qxe1 Bxe1 36. Re3 Bg3 37. Rd3 h4 38. c3 Qe5 39. Bg1 Qxf5 40. Rd8+ Kh7 41. Nd4 Qa5 42. Rd7 Qxa2 43. Nf3 f6 44. Rd4 Qa1 45. c4 a5 46. c5 a4 47. Rc4 a3 48. c6 a2 49. c7 Bxc7 50. Rxc7 Qb2 51. Ra7 a1Q 52. Rxa1 Qxa1 53. Nxh4 g5 54. Nf3 Kg6 55. Kh2 Qc1 56. Bf2 f5 57. Bg3 f4 58. Bf2 Qf1 59. Bb6 Qb5 60. Bd8 g4 61. hxg4 Qb8 62. Bh4 Kf7 63. Bf2 Ke6 64. Bd4 Qg8 65. g5 Kf5 66. Bf6 Ke4 67. Kh3 Qc8+ 68. Kh4 Qc1 69. Kg4 Qc2 70. Kh3 Qf2 71. Kh2 Kd3 72. g6 Qg3+ 73. Kg1 Ke2 74. g7 Qg6 75. Nd4+ Ke3 76. Nf3 Qb1+ 77. Kh2 Qh7+ 78. Kg1 Qb1+ 79. Kh2 Qh7+ 80. Nh4 Kf2 81. Bd4+ Kf1 82. Kh3 Qd3+ 83. Kg4 Qg3+ 84. Kf5 Qd3+ 85. Kg5 Qg3+ 86. Kh5 1/2-1/2

[Event "Medellin Feria de las Flores op"]
[Site "Medellin"]
[Date "2022.08.06"]
[Round "6"]
[White "Ramirez, Benjamin Dario"]
[Black "Toro Castaneda, Miguel Angel"]
[Result "1-0"]
[WhiteElo "2184"]
[BlackElo "2010"]
[PlyCount "73"]
[EventDate "2022.08.03"]
[EventType "swiss"]
[EventRounds "9"]
[EventCountry "COL"]
[SourceTitle "CBM 209 Extra"]
[Source "ChessBase"]
[SourceDate "2022.09.30"]
[SourceVersion "1"]
[SourceVersionDate "2022.09.30"]
[SourceQuality "1"]

1. e4 c5 2. Nf3 d6 3. d4 cxd4 4. Nxd4 Nf6 5. Nc3 g6 6. Be2 Bg7 7. Be3 0-0 8. 0-0 Nc6 9. Qd2 Bd7 10. Rad1 Nxd4 11. Bxd4 Bc6 12. Qe3 Qa5 13. f4 Rfd8 14. Bf3 e6 15. Rd3 e5 16. fxe5 dxe5 17. Bc5 Rxd3 18. cxd3 Nd7 19. Be7 Re8 20. Bh4 b5 21. Bd1 b4 22. Bb3 Kh8 23. Nd5 Nc5 24. Bc4 Bxd5 25. Bxd5 Qb6 26. Bxf7 Rc8 27. Kh1 Na4 28. Qh3 Rb8 29. b3 Nc3 30. Bc4 Nxa2 31. Rf7 Qd4 32. Bf2 Qa1+ 33. Bg1 Nc3 34. Rxa7 Qc1 35. Qe3 Bh6 36. Qc5 Qg5 37. Qc7 1-0

[Event "Medellin Easter op 10th"]
[Site "Medellin"]
[Date "2022.04.13"]
[Round "1"]
[White "Gonzalez Zapata, Julian David"]
[Black "Ramirez, Benjamin Dario"]
[Result "0-1"]
[WhiteElo "1708"]
[BlackElo "2214"]
[PlyCount "60"]
[EventDate "2022.04.13"]
[EventType "swiss"]
[EventRounds "8"]
[EventCountry "COL"]
[SourceTitle "CBM 207 Extra"]
[Source "ChessBase"]
[SourceDate "2022.05.31"]
[SourceVersion "1"]
[SourceVersionDate "2022.05.31"]
[SourceQuality "1"]

1. e4 e5 2. Nf3 Nc6 3. d4 exd4 4. Nxd4 Bc5 5. Be3 Qf6 6. c3 Nge7 7. Bc4 Bb6 8. 0-0 0-0 9. f4 d6 10. Na3 Be6 11. Be2 Nxd4 12. cxd4 Rad8 13. Nc2 Qh4 14. g3 Qf6 15. Qd2 Bh3 16. Rf2 Qe6 17. f5 Qxe4 18. Bd3 Qd5 19. f6 Nf5 20. Rf4 Rfe8 21. Re1 g6 22. Bf1 Bxf1 23. Rexf1 Rxe3 24. Rxf5 gxf5 25. Qxe3 Kh8 26. Re1 Rg8 27. b3 c5 28. Rd1 cxd4 29. Nxd4 Qe5 30. Qd3 Rg4 0-1

[Event "Medellin Luces op"]
[Site "Medellin"]
[Date "2021.12.20"]
[Round "6"]
[White "Otero Acosta, Diasmany"]
[Black "Ramirez, Benjamin Dario"]
[Result "1/2-1/2"]
[WhiteElo "2342"]
[BlackElo "2203"]
[PlyCount "98"]
[EventDate "2021.12.17"]
[EventType "swiss"]
[EventRounds "7"]
[EventCountry "COL"]
[SourceTitle "CBM 206 Extra"]
[Source "ChessBase"]
[SourceDate "2022.03.31"]
[SourceVersion "1"]
[SourceVersionDate "2022.03.31"]
[SourceQuality "1"]

1. d4 Nf6 2. c4 g6 3. Nc3 d5 4. Bf4 Bg7 5. e3 0-0 6. h3 c6 7. Nf3 Nbd7 8. Rc1 dxc4 9. Bxc4 Nb6 10. Bb3 Nbd5 11. Nxd5 Nxd5 12. Bg3 h6 13. 0-0 Kh7 14. Qe2 f5 15. Be5 Bf6 16. Bc2 Be6 17. Bb1 Qe8 18. Bh2 Bg7 19. Ne5 Nf6 20. Rfd1 Rd8 21. Nd3 Qf7 22. b3 Nd5 23. Ne5 Qe8 24. f3 Nf6 25. g4 Nd7 26. Nd3 Bd5 27. Nf4 e5 28. Nxd5 cxd5 29. dxe5 Nxe5 30. gxf5 gxf5 31. Rc7 Rf7 32. Rxf7 Qxf7 33. Bxe5 Bxe5 34. f4 Bg7 35. Qd3 Rf8 36. Kh2 Qh5 37. Rg1 Qf3 38. Rg3 Qf2+ 39. Rg2 Qf3 40. Qe2 Qxe2 41. Rxe2 d4 42. exd4 Bxd4 43. Re7+ Kg6 44. Rxb7 Re8 45. Rd7 Re2+ 46. Kg3 Re3+ 47. Kg2 Re2+ 48. Kf1 Rf2+ 49. Ke1 Rxf4 1/2-1/2

[Event "Medellin Luces op"]
[Site "Medellin"]
[Date "2021.12.19"]
[Round "4"]
[White "Zapata Cuartas, Juan Carlos"]
[Black "Ramirez, Benjamin Dario"]
[Result "1/2-1/2"]
[WhiteElo "2093"]
[BlackElo "2203"]
[PlyCount "65"]
[EventDate "2021.12.17"]
[EventType "swiss"]
[EventRounds "7"]
[EventCountry "COL"]
[SourceTitle "CBM 206 Extra"]
[Source "ChessBase"]
[SourceDate "2022.03.31"]
[SourceVersion "1"]
[SourceVersionDate "2022.03.31"]
[SourceQuality "1"]

1. d4 Nf6 2. c4 e6 3. Nf3 d5 4. Nc3 Be7 5. Bg5 h6 6. Bh4 Ne4 7. Bxe7 Qxe7 8. Rc1 0-0 9. e3 Nxc3 10. Rxc3 c6 11. Be2 Nd7 12. 0-0 Rd8 13. cxd5 exd5 14. Bd3 Nf6 15. Ne5 Ne4 16. Bxe4 dxe4 17. Qb1 Bf5 18. f3 f6 19. Nc4 Rd5 20. f4 Rad8 21. b4 Kh8 22. Na5 Qd7 23. Nb3 Qe7 24. a3 Bh7 25. Rfc1 Bg8 26. Nd2 Re8 27. Rc5 Qd7 28. Qc2 a6 29. Qd1 Bf7 30. Nb1 Rd6 31. Qc2 Bd5 32. Qe2 Bf7 33. Qc2 1/2-1/2

[Event "Medellin Luces op"]
[Site "Medellin"]
[Date "2021.12.18"]
[Round "3"]
[White "Ramirez, Benjamin Dario"]
[Black "Llano Buritica, Eduardo Alejandro"]
[Result "1-0"]
[WhiteElo "2203"]
[BlackElo "1951"]
[PlyCount "53"]
[EventDate "2021.12.17"]
[EventType "swiss"]
[EventRounds "7"]
[EventCountry "COL"]
[SourceTitle "CBM 206 Extra"]
[Source "ChessBase"]
[SourceDate "2022.03.31"]
[SourceVersion "1"]
[SourceVersionDate "2022.03.31"]
[SourceQuality "1"]

1. e4 c6 2. d4 d5 3. Nc3 dxe4 4. Nxe4 Bf5 5. Ng3 Bg6 6. Nf3 Nd7 7. Bd3 Bxd3 8. Qxd3 Ngf6 9. 0-0 e6 10. Re1 Be7 11. Bd2 0-0 12. Rad1 c5 13. dxc5 Nxc5 14. Qe2 Qc7 15. c4 Rad8 16. Bc3 Rxd1 17. Rxd1 Rd8 18. Be5 Qc8 19. Bd4 h6 20. Re1 Qc7 21. h3 a6 22. Nf5 a5 23. Qe5 Qxe5 24. Nxe7+ Kf8 25. Rxe5 Ncd7 26. Ng6+ fxg6 27. Rxe6 1-0

[Event "Medellin Raza op 9th"]
[Site "Medellin"]
[Date "2019.10.12"]
[Round "4"]
[White "Ramirez, Benjamin Dario"]
[Black "Chirivi Castiblanco, Angie Lizeth"]
[Result "1-0"]
[WhiteElo "2174"]
[BlackElo "1997"]
[PlyCount "107"]
[EventDate "2019.10.11"]
[EventType "swiss"]
[EventRounds "8"]
[EventCountry "COL"]
[SourceTitle "CBM 192 Extra"]
[Source "Chessbase"]
[SourceDate "2019.11.06"]
[SourceVersion "1"]
[SourceVersionDate "2019.11.06"]
[SourceQuality "1"]

1. e4 e5 2. Nf3 Nc6 3. Bb5 a6 4. Ba4 Nf6 5. 0-0 Be7 6. Re1 b5 7. Bb3 0-0 8. c3 d6 9. h3 Na5 10. Bc2 c5 11. d4 Qc7 12. Bg5 cxd4 13. cxd4 Nc6 14. Nc3 Bb7 15. Rc1 Rac8 16. Nd5 Qd8 17. Nxe7+ Qxe7 18. Bb3 Nxd4 19. Nxd4 exd4 20. Rxc8 Rxc8 21. Qxd4 Re8 22. f3 Qe5 23. Qxe5 dxe5 24. Rd1 Bc8 25. Rd6 Nh5 26. Bd5 Nf6 27. Bc6 Rf8 28. f4 h6 29. Bxf6 gxf6 30. Rxf6 exf4 31. Rxh6 Be6 32. Bd5 Bxd5 33. exd5 Rd8 34. Rf6 Rxd5 35. Rxf4 Rd2 36. Rf2 Rd1+ 37. Kh2 Rd3 38. g3 Kg7 39. h4 Kg6 40. Rc2 f6 41. Kh3 Rd1 42. Rc6 Rb1 43. Rxa6 Rxb2 44. g4 Kg7 45. h5 b4 46. Ra7+ Kg8 47. Kg3 b3 48. axb3 Rxb3+ 49. Kf4 Rb5 50. h6 Rg5 51. h7+ Kh8 52. Rb7 Rg6 53. Rf7 Rh6 54. Kf5 1-0

[Event "Medellin Castro Memorial 36th"]
[Site "Medellin"]
[Date "2019.08.11"]
[Round "8"]
[White "Pazos Gambarrotti, Plinio Efrain"]
[Black "Ramirez, Benjamin Dario"]
[Result "0-1"]
[WhiteElo "2139"]
[BlackElo "2194"]
[PlyCount "52"]
[EventDate "2019.08.07"]
[EventType "swiss"]
[EventRounds "9"]
[EventCountry "COL"]
[SourceTitle "EXT 2020"]
[Source "ChessBase"]
[SourceDate "2019.10.17"]
[SourceVersion "1"]
[SourceVersionDate "2019.10.17"]
[SourceQuality "1"]

1. d4 Nf6 2. c4 e6 3. Nc3 d5 4. Bg5 Be7 5. e3 h6 6. Bh4 Ne4 7. Bxe7 Qxe7 8. Bd3 Nxc3 9. bxc3 dxc4 10. Bxc4 Nd7 11. Nf3 0-0 12. 0-0 e5 13. Qc2 e4 14. Nd2 Nf6 15. Rae1 Bd7 16. f3 b5 17. Be2 Bc6 18. fxe4 Nxe4 19. Nf3 a6 20. Qb3 Nf6 21. Ne5 Be4 22. Bf3 Qe6 23. Qb2 c5 24. Rf2 Bxf3 25. gxf3 Nd7 26. Nd3 Qg6+ 0-1

[Event "Medellin Castro Memorial 36th"]
[Site "Medellin"]
[Date "2019.08.09"]
[Round "4"]
[White "Correa, Daniel"]
[Black "Ramirez, Benjamin Dario"]
[Result "0-1"]
[WhiteElo "1708"]
[BlackElo "2194"]
[PlyCount "56"]
[EventDate "2019.08.07"]
[EventType "swiss"]
[EventRounds "9"]
[EventCountry "COL"]
[SourceTitle "EXT 2020"]
[Source "ChessBase"]
[SourceDate "2019.10.17"]
[SourceVersion "1"]
[SourceVersionDate "2019.10.17"]
[SourceQuality "1"]

1. d4 Nf6 2. c4 e6 3. Nf3 d5 4. Nc3 Be7 5. Bg5 Ne4 6. Bxe7 Qxe7 7. cxd5 Nxc3 8. bxc3 exd5 9. e3 0-0 10. Bd3 Nd7 11. 0-0 Nf6 12. Qc2 c5 13. c4 cxd4 14. Nxd4 Be6 15. Nxe6 Qxe6 16. Bf5 Qe5 17. cxd5 Rad8 18. Rab1 b6 19. d6 g6 20. Bh3 Qxd6 21. Rfd1 Qe5 22. g3 Ne4 23. Rxd8 Rxd8 24. Rd1 Rxd1+ 25. Qxd1 Qb2 26. Qd8+ Kg7 27. Qd4+ Qxd4 28. exd4 Nc3 0-1

[Event "COL-ch sf"]
[Site "Medellin"]
[Date "2018.03.16"]
[Round "4"]
[White "Martinez Romero, Martin"]
[Black "Ramirez, Benjamin Dario"]
[Result "1-0"]
[WhiteElo "2435"]
[BlackElo "2182"]
[PlyCount "51"]
[EventDate "2018.03.14"]
[EventType "swiss"]
[EventRounds "10"]
[EventCountry "COL"]
[SourceTitle "CBM 183 Extra"]
[Source "ChessBase"]
[SourceDate "2018.04.19"]
[SourceVersion "1"]
[SourceVersionDate "2018.04.19"]
[SourceQuality "1"]

1. Nf3 Nf6 2. c4 e6 3. d4 d5 4. Nc3 Be7 5. Bf4 a6 6. cxd5 exd5 7. e3 0-0 8. Bd3 h6 9. 0-0 Bd6 10. Ne5 Qe7 11. Qf3 c6 12. e4 Be6 13. Rae1 Bb4 14. exd5 cxd5 15. Bxh6 gxh6 16. Qe3 Kg7 17. f4 Nc6 18. Nxc6 bxc6 19. f5 Rae8 20. Qg3+ Kh8 21. fxe6 fxe6 22. Qg6 h5 23. Re5 Nh7 24. Rxf8+ Rxf8 25. Rxe6 Qa7 26. Qxh7+ 1-0

[Event "COL-ch sf"]
[Site "Medellin"]
[Date "2018.03.16"]
[Round "5"]
[White "Ramirez, Benjamin Dario"]
[Black "Quinonez Garcia, Santiago"]
[Result "1-0"]
[WhiteElo "2182"]
[BlackElo "2246"]
[PlyCount "41"]
[EventDate "2018.03.14"]
[EventType "swiss"]
[EventRounds "10"]
[EventCountry "COL"]
[SourceTitle "CBM 183 Extra"]
[Source "ChessBase"]
[SourceDate "2018.04.19"]
[SourceVersion "1"]
[SourceVersionDate "2018.04.19"]
[SourceQuality "1"]

1. e4 c5 2. Nf3 g6 3. c3 Bg7 4. d4 cxd4 5. cxd4 d5 6. exd5 Nf6 7. Nc3 Nxd5 8. Bb5+ Bd7 9. Qb3 Nb6 10. 0-0 0-0 11. Bxd7 N8xd7 12. Bg5 Nf6 13. Rad1 Qd7 14. Ne5 Qc7 15. Rc1 Qd6 16. Rcd1 e6 17. Bxf6 Bxf6 18. Ne4 Qd8 19. a4 Bg7 20. a5 Qd5 21. Qb4 1-0

[Event "Medellin Conconcreto op"]
[Site "Medellin"]
[Date "2018.01.25"]
[Round "2"]
[White "Laverde, Luis Eduardo"]
[Black "Ramirez, Benjamin Dario"]
[Result "1/2-1/2"]
[WhiteElo "2040"]
[BlackElo "2199"]
[PlyCount "29"]
[EventDate "2018.01.24"]
[EventType "swiss"]
[EventRounds "7"]
[EventCountry "COL"]
[SourceTitle "CBM 182 Extra"]
[Source "ChessBase"]
[SourceDate "2018.02.23"]
[SourceVersion "1"]
[SourceVersionDate "2018.02.23"]
[SourceQuality "1"]

1. e4 e5 2. Nf3 Nc6 3. Bb5 a6 4. Ba4 Nf6 5. 0-0 b5 6. Bb3 Be7 7. Re1 d6 8. c3 Na5 9. Bc2 c5 10. d4 Qc7 11. Bg5 Bg4 12. Nbd2 h6 13. Be3 0-0 14. h3 Bh5 15. d5 1/2-1/2

[Event "Medellin Raza op 7th"]
[Site "Medellin"]
[Date "2017.10.22"]
[Round "8"]
[White "Ramirez, Benjamin Dario"]
[Black "Escobar Medina, Andres F"]
[Result "0-1"]
[WhiteElo "2154"]
[BlackElo "2293"]
[PlyCount "48"]
[EventDate "2017.10.18"]
[EventType "swiss"]
[EventRounds "9"]
[EventCountry "COL"]
[SourceTitle "CBM 181 Extra"]
[Source "ChessBase"]
[SourceDate "2017.12.12"]
[SourceVersion "1"]
[SourceVersionDate "2017.12.12"]
[SourceQuality "1"]

1. e4 c5 2. Nf3 a6 3. d4 cxd4 4. Nxd4 Nf6 5. Nc3 e5 6. Nf3 Bb4 7. Bd2 0-0 8. a3 Bxc3 9. Bxc3 Nxe4 10. Bxe5 Re8 11. Qd5 Nf6 12. Qd6 Ng4 13. Be2 Nxe5 14. 0-0 Nbc6 15. Rfe1 Qe7 16. Qd2 d5 17. Nxe5 Nxe5 18. Bf1 Bd7 19. Qd4 Qf6 20. Rad1 Nf3+ 21. gxf3 Rxe1 22. Qxf6 Rxf1+ 23. Kxf1 Bh3+ 24. Ke2 Re8+ 0-1

[Event "Medellin Raza op 7th"]
[Site "Medellin"]
[Date "2017.10.21"]
[Round "7"]
[White "Garcia Pantoja, Roberto"]
[Black "Ramirez, Benjamin Dario"]
[Result "1-0"]
[WhiteElo "2481"]
[BlackElo "2154"]
[PlyCount "65"]
[EventDate "2017.10.18"]
[EventType "swiss"]
[EventRounds "9"]
[EventCountry "COL"]
[SourceTitle "CBM 181 Extra"]
[Source "ChessBase"]
[SourceDate "2017.12.12"]
[SourceVersion "1"]
[SourceVersionDate "2017.12.12"]
[SourceQuality "1"]

1. e4 e5 2. Nf3 Nc6 3. Bb5 a6 4. Ba4 Nf6 5. 0-0 b5 6. Bb3 Be7 7. a4 Rb8 8. axb5 axb5 9. d4 d6 10. c3 exd4 11. cxd4 Bg4 12. Be3 d5 13. e5 Ne4 14. h3 Bh5 15. Nc3 Nb4 16. g4 Bg6 17. Nh2 f5 18. exf6 Nxf6 19. f4 Bd3 20. g5 Ne4 21. Nxd5 Bxf1 22. Nxb4 Bxb4 23. Qxf1 Qe7 24. Ng4 Rf8 25. Ne5 Nd2 26. Qg2 Nxb3 27. Qc6+ Kd8 28. Ra8 Qd6 29. Nf7+ Ke7 30. Nxd6 Rxa8 31. Qxc7+ Ke6 32. f5+ Kd5 33. Qb7+ 1-0

[Event "Medellin Raza op 7th"]
[Site "Medellin"]
[Date "2017.10.19"]
[Round "3"]
[White "Guerrero Sierra, Juan Carlos"]
[Black "Ramirez, Benjamin Dario"]
[Result "1-0"]
[WhiteElo "2323"]
[BlackElo "2154"]
[PlyCount "71"]
[EventDate "2017.10.18"]
[EventType "swiss"]
[EventRounds "9"]
[EventCountry "COL"]
[SourceTitle "CBM 181 Extra"]
[Source "ChessBase"]
[SourceDate "2017.12.12"]
[SourceVersion "1"]
[SourceVersionDate "2017.12.12"]
[SourceQuality "1"]

1. e4 e5 2. f4 Nc6 3. Nf3 Nf6 4. fxe5 Nxe4 5. d3 Nc5 6. d4 Na6 7. d5 Ne7 8. d6 Ng6 9. Bxa6 bxa6 10. Qd5 c6 11. Qe4 Qb6 12. Na3 Bb7 13. Nc4 Qb5 14. a4 Qd5 15. Qe2 0-0-0 16. Be3 c5 17. Rd1 Qc6 18. b3 Re8 19. 0-0 f6 20. Qf2 Re6 21. Bxc5 Nf4 22. Be3 Qxf3 23. Qxf3 Bxf3 24. Rxf3 Ne2+ 25. Kf1 Nc3 26. Rd3 Ne4 27. Rd4 Nc5 28. Rdf4 Nb7 29. Bxa7 Nd8 30. Bc5 Re8 31. exf6 gxf6 32. Nb6+ Kb7 33. Nxd7 Ne6 34. Re4 Ng7 35. Rxe8 Nxe8 36. Nxf8 1-0

[Event "Medellin Raza op 7th"]
[Site "Medellin"]
[Date "2017.10.19"]
[Round "2"]
[White "Ramirez, Benjamin Dario"]
[Black "Echavarria, Johann"]
[Result "1-0"]
[WhiteElo "2154"]
[BlackElo "2298"]
[PlyCount "61"]
[EventDate "2017.10.18"]
[EventType "swiss"]
[EventRounds "9"]
[EventCountry "COL"]
[SourceTitle "CBM 181 Extra"]
[Source "ChessBase"]
[SourceDate "2017.12.12"]
[SourceVersion "1"]
[SourceVersionDate "2017.12.12"]
[SourceQuality "1"]

1. e4 c5 2. Nf3 Nc6 3. d4 cxd4 4. Nxd4 Nf6 5. Nc3 e6 6. Nxc6 bxc6 7. Bd3 d5 8. 0-0 Be7 9. Qe2 Nd7 10. exd5 cxd5 11. Bf4 0-0 12. Rad1 Nc5 13. Be5 Nxd3 14. Qxd3 Bb7 15. Rfe1 Qd7 16. Bd4 Bd6 17. Qe3 Rfc8 18. Qg5 Bf8 19. Ne4 Qd8 20. Nf6+ Kh8 21. Qf4 Qc7 22. Be5 Qxc2 23. Nd7 Qg6 24. Bd4 Qh5 25. Rd3 Rc2 26. Rg3 Re2 27. Rxe2 Qxe2 28. h3 f6 29. Bxf6 Qc4 30. Qg5 Rc8 31. Bxg7+ 1-0

[Event "Medellin Flores op 24th"]
[Site "Medellin"]
[Date "2017.08.05"]
[Round "4"]
[White "Ramirez, Benjamin Dario"]
[Black "Nieto Medina, Agustin"]
[Result "1-0"]
[WhiteElo "2141"]
[BlackElo "2050"]
[PlyCount "23"]
[EventDate "2017.08.03"]
[EventType "swiss"]
[EventRounds "9"]
[EventCountry "COL"]
[SourceTitle "CBM 179 Extra"]
[Source "ChessBase"]
[SourceDate "2017.08.23"]
[SourceVersion "1"]
[SourceVersionDate "2017.08.23"]
[SourceQuality "1"]

1. e4 c5 2. Nf3 g6 3. c3 d5 4. exd5 Qxd5 5. d4 Nf6 6. Be2 cxd4 7. cxd4 Bg7 8. Nc3 Qd8 9. 0-0 0-0 10. Bf4 Be6 11. Ne5 Bd5 12. Qd2 1-0

[Event "COL-ch Seniors"]
[Site "Cartagena"]
[Date "2016.10.28"]
[Round "6"]
[White "Rojas Mendoza, Alfredo"]
[Black "Ramirez, Benjamin Dario"]
[Result "1/2-1/2"]
[WhiteElo "1910"]
[BlackElo "2198"]
[PlyCount "72"]
[EventDate "2016.10.26"]
[EventType "swiss"]
[EventRounds "7"]
[EventCountry "COL"]
[SourceTitle "EXT 2018"]
[Source "ChessBase"]
[SourceDate "2017.10.13"]
[SourceVersion "1"]
[SourceVersionDate "2017.10.13"]
[SourceQuality "1"]

1. d4 Nf6 2. c4 e6 3. Nc3 d5 4. Bg5 Be7 5. e3 h6 6. Bh4 0-0 7. Nf3 Ne4 8. Bxe7 Qxe7 9. Qc2 Nxc3 10. Qxc3 c6 11. Be2 Nd7 12. 0-0 dxc4 13. Qxc4 Nb6 14. Qc2 Bd7 15. Ne5 Rfd8 16. Rac1 Be8 17. Nd3 Nd5 18. a3 a6 19. Qb1 Rac8 20. b4 f6 21. Qb2 Qd6 22. Rfd1 Bg6 23. h3 Be4 24. Ne1 Qe7 25. Nf3 Bg6 26. Bd3 Bh5 27. Be2 Be8 28. Rc4 Ra8 29. e4 Nf4 30. Bf1 Qf7 31. Qc1 g5 32. g3 Qh5 33. gxf4 Qxf3 34. fxg5 hxg5 35. Bg2 Qh5 36. Rc3 Rac8 1/2-1/2

[Event "Medellin Antioquia Cup"]
[Site "Medellin"]
[Date "2016.10.13"]
[Round "2"]
[White "Gallego Alcaraz, Andres Felipe"]
[Black "Ramirez, Benjamin Dario"]
[Result "1-0"]
[WhiteElo "2438"]
[BlackElo "2198"]
[PlyCount "59"]
[EventDate "2016.10.12"]
[EventType "swiss"]
[EventRounds "8"]
[EventCountry "COL"]
[SourceTitle "CBM 175 Extra"]
[Source "ChessBase"]
[SourceDate "2016.12.12"]
[SourceVersion "1"]
[SourceVersionDate "2016.12.12"]
[SourceQuality "1"]

1. e4 e5 2. Nf3 Nc6 3. Bb5 a6 4. Ba4 Nf6 5. 0-0 Be7 6. Re1 b5 7. Bb3 d6 8. c3 0-0 9. h3 Na5 10. Bc2 c5 11. d4 Nc6 12. d5 Na5 13. b3 Bd7 14. Nbd2 h6 15. Nf1 Re8 16. Ng3 Nb7 17. Rb1 a5 18. Nh2 Bf8 19. f4 exf4 20. Bxf4 g6 21. Qd2 Kh7 22. c4 b4 23. Nf3 Ng8 24. e5 dxe5 25. Nxe5 Nd6 26. Qd3 f5 27. Nxg6 Kxg6 28. Bxd6 Qg5 29. Rxe8 Rxe8 30. Nxf5 1-0

[Event "Medellin Antioquia Cup"]
[Site "Medellin"]
[Date "2016.10.13"]
[Round "3"]
[White "Ramirez, Benjamin Dario"]
[Black "Posada, Juan Manuel"]
[Result "1-0"]
[WhiteElo "2198"]
[BlackElo "2039"]
[PlyCount "47"]
[EventDate "2016.10.12"]
[EventType "swiss"]
[EventRounds "8"]
[EventCountry "COL"]
[SourceTitle "CBM 175 Extra"]
[Source "ChessBase"]
[SourceDate "2016.12.12"]
[SourceVersion "1"]
[SourceVersionDate "2016.12.12"]
[SourceQuality "1"]

1. e4 c5 2. Nf3 d6 3. d4 cxd4 4. Nxd4 Nf6 5. Nc3 a6 6. Be2 e5 7. Nb3 Be7 8. 0-0 Be6 9. f4 exf4 10. Bxf4 Nc6 11. Kh1 0-0 12. Nd4 Nxd4 13. Qxd4 Qc7 14. e5 dxe5 15. Bxe5 Rad8 16. Qe3 Qa5 17. Qg3 Ne8 18. Bd3 Bd6 19. Rae1 h6 20. Qf4 Qb4 21. Ne4 Qb6 22. Nxd6 Nxd6 23. Bxg7 Kxg7 24. Qf6+ 1-0